Дегидрирование этанола в ацетальдегид в присуствии медьсодержащих каталитических систем на носителях различной природы; Нефтехимия; Т. 44, № 5

Sonraí bibleagrafaíochta
Parent link:Нефтехимия: научный журнал/ Российская академия наук (РАН).— , 1963-.— 0028-2421
Т. 44, № 5.— 2004.— С. 376-379
Rannpháirtithe: Нугманов Е. Р., Егорова Е. В., Трусов А. И., Антонюк С. Н.
Teanga:Rúisis
Foilsithe / Cruthaithe: 2004
Ábhair:
Formáid: Caibidil leabhair
KOHA link:https://koha.lib.tpu.ru/cgi-bin/koha/opac-detail.pl?biblionumber=397552

MARC

LEADER 00000naa2a2200000 4500
001 397552
005 20231101064913.0
035 |a (RuTPU)RU\TPU\prd\36656 
090 |a 397552 
100 |a 20050617a2004 k y0rusy50 ca 
101 0 |a rus 
102 |a RU 
200 1 |a Дегидрирование этанола в ацетальдегид в присуствии медьсодержащих каталитических систем на носителях различной природы  |f Е. Р. Нугманов, Е. В. Егорова, А. И. Трусов, С. Н. Антонюк 
320 |a Библиогр.: 7 назв. 
461 0 |0 (RuTPU)RU\TPU\prd\1600  |x 0028-2421  |t Нефтехимия  |o научный журнал  |f Российская академия наук (РАН)  |d 1963- 
463 0 |0 (RuTPU)RU\TPU\prd\29946  |t Т. 44, № 5  |v С. 376-379  |d 2004 
610 1 |a этанол 
610 1 |a дегидрирование 
610 1 |a ацетальдегид 
610 1 |a медьсодержащие каталитические системы 
610 1 |a носители 
610 1 |a этиловый спирт 
610 1 |a углеродные носители 
675 |a 66.094.18:547.262  |v 3 
675 |a 661.727.2  |v 3 
701 1 |a Нугманов  |b Е. Р. 
701 1 |a Егорова  |b Е. В. 
701 1 |a Трусов  |b А. И. 
701 1 |a Антонюк  |b С. Н. 
801 1 |a RU  |b 63413507  |c 20050617  |g PSBO 
801 2 |a RU  |b 63413507  |c 20130724  |g RCR 
942 |c BK